000
00277nam a22001337a 4500
008
171123b xxu||||| |||| 00| 0 eng d
020
_a
9780078820250
041
_a
eng
080
_2
2ND
_a
721
100
_a
27
101
_a
SHK
245
_a
C++
_c
SCHILDT,H
942
_2
udc
_c
BK
999
_c
38377
_d
38377